Normal view MARC view
  • Martínez, Carmen

Entry Nombre Personal

Number of records used in: 1

001 - NUMERO DE CONTROL

  • campo de control: 59260

003 - IDENTIFICADOR DE NUMERO DE CONTROL

  • campo de control: MX-MxUPN

005 - FECHA Y HORA DE LA ÜLTIMA TRANSACCIÓN

  • campo de control: 20260415111219.0

008 - DATOS DE LONGITUD FIJA

  • campo de control de longitud fija: 260415nn acnnnaabn n aaa d

040 ## - FUENTE DE CATALOGACIÓN

  • Agencia original de catalogación: MX-MxUPN
  • Lenguaje de catalogación: spa

100 1# - ENCABEZAMIENTO - NOMBRE PERSONAL

  • Nombre personal: Martínez, Carmen

670 ## - FUENTE EN LA QUE SE LOCALIZARON DATOS

  • Cita de la fuente: Ahí vienen los bomberos, 2005 :
  • Información localizada: portada (Carmen Martínez)

902 ## - CATALOGADOR

  • Catalogador: VíctorGodínez/150426